Southville International School and Colleges
Your cart is empty.
  • Cart
  • Lists
    Public lists Eva Luna New books Lux_list list_1
    Your lists Log in to create your own lists
  • Log in to your account
  • Your cookies
  • Search history
Southville International School and Colleges
  • Advanced search
  • Recent comments
  • Most popular
  • Libraries

Log in to your account

Log in with GOOGLE


If you do not have an external account, but do have a local account, you can still log in:

  1. Home
  2. MARC view: Yin and yang by cusi /
Normal view MARC view ISBD view

Yin and yang by cusi / (Record no. 305244)

[ view plain ]
MARC details
000 -LEADER
fixed length control field 00567nam a2200205Ia 4500
008 - FIXED-LENGTH DATA ELEMENTS--GENERAL INFORMATION
fixed length control field 161112s9999 xx 000 0 und d
020 ## - INTERNATIONAL STANDARD BOOK NUMBER
International Standard Book Number 971-9344-62-9
050 ## - LIBRARY OF CONGRESS CALL NUMBER
Classification number REF ND 1029.C87
050 ## - LIBRARY OF CONGRESS CALL NUMBER
Item number .A38 2008
100 ## - MAIN ENTRY--PERSONAL NAME
Personal name Aguilar, Marlene.
245 #0 - TITLE STATEMENT
Title Yin and yang by cusi /
245 #0 - TITLE STATEMENT
Statement of responsibility, etc Marlene Aguilar.
260 ## - PUBLICATION, DISTRIBUTION, ETC. (IMPRINT)
Place of publication, distribution, etc Manila :
260 ## - PUBLICATION, DISTRIBUTION, ETC. (IMPRINT)
Name of publisher, distributor, etc Jamayco Pub. House.,
300 ## - PHYSICAL DESCRIPTION
Other physical details color illustrations. ;
300 ## - PHYSICAL DESCRIPTION
Dimensions 29 cm.
650 ## - SUBJECT ADDED ENTRY--TOPICAL TERM
Topical term or geographic name as entry element Art -- Philippines -- Private collection.
650 ## - SUBJECT ADDED ENTRY--TOPICAL TERM
Topical term or geographic name as entry element Painters -- Philippines.
650 ## - SUBJECT ADDED ENTRY--TOPICAL TERM
General subdivision Painting, Philippines.
Holdings
Withdrawn status Lost status Damaged status Home library Current library Shelving location Date acquired Total Checkouts Full call number Barcode Date last seen Price effective from Koha item type
      South Mansfield College South Mansfield College Reference Section 01/07/2014   REF ND 1029.C87 .A38 2008 SMC05960 11/12/2016 11/12/2016  

Yin and yang by cusi /

APA

Aguilar M., .Yin and yang by cusi. Manila: .

Chicago

Aguilar Marlene, .Yin and yang by cusi. Manila: .

Harvard

Aguilar M., .Yin and yang by cusi. Manila: .

MLA

Aguilar Marlene, .Manila: . .

  • Place hold
  • Print
  • Cite
  • Add to your cart (remove)
  • Save record
    BIBTEX Dublin Core MARCXML MARC (non-Unicode/MARC-8) MARC (Unicode/UTF-8) MARC (Unicode/UTF-8, Standard) MODS (XML) RIS
  • More searches
    Search for this title in:
    Other Libraries (WorldCat) Other Databases (Google Scholar) Online Stores (Bookfinder.com) Open Library (openlibrary.org)

Exporting to Dublin Core...

SOUTHVILLE LIBRARY

Southville International School and Colleges Library

1281 Tropical Ave. Cor. Luxembourg St., BF Homes International, Las Pinas City

Tel. No. 8256374 / 252358 Loc. 117/146

Powered by Koha